[Event "IND-chT 31st"]
[Site "Cochin"]
[Date "2011.02.22"]
[Round "1"]
[White "Krishna, C Revanth Gopala"]
[Black "Vijaya, Kumar V"]
[Result "1-0"]
[WhiteElo "2296"]
[BlackElo "1843"]
[PlyCount "85"]
[EventDate "2011.02.22"]
[EventType "team-swiss"]
[EventRounds "9"]
[EventCountry "IND"]
[SourceTitle "CBM 141 Extra"]
[Source "ChessBase"]
[SourceDate "2011.05.03"]
[SourceVersion "1"]
[SourceVersionDate "2011.05.03"]
[SourceQuality "1"]
[WhiteTeam "Hyderabad"]
[BlackTeam "Kerala State III"]
[WhiteTeamCountry "IND"]
[BlackTeamCountry "IND"]

1. d4 d5 2. c4 e6 3. Nc3 c6 4. cxd5 exd5 5. Qc2 f5 6. Bf4 Nf6 7. e3 Bd6 8. Nh3 0-0 9. Bd3 Ne4 10. 0-0-0 Na6 11. Qb3 Nxc3 12. bxc3 Nc7 13. c4 Kh8 14. Rd2 dxc4 15. Bxc4 b5 16. Bd3 Be6 17. Qb2 Nd5 18. Bxd6 Qxd6 19. Ng5 Bg8 20. Nf3 b4 21. Bc4 Nc3 22. Qb3 Bd5 23. Ne5 a5 24. Bxd5 cxd5 25. Nd3 Rfc8 26. Nc5 Ne4 27. Rc2 Nxc5 28. dxc5 Rxc5 29. Rd1 a4 30. Qd3 b3 31. axb3 axb3 32. Qxb3 Rxc2+ 33. Kxc2 Rc8+ 34. Kd2 d4 35. Ke2 Qxh2 36. Rxd4 Qxg2 37. Qe6 Rf8 38. Qxf5 Qa8 39. Qd5 Qa1 40. f4 h6 41. Qe5 Qa2+ 42. Rd2 Qa6+ 43. Kf2 1-0